000 00279 a2200145 4500
001 158235
020 _a
040 _cMagnum
100 _aWepman, Dennis
240 1 0 _aSimon bolivar
_lpor
245 1 0 _aSimon bolivar
362 0 _a1899
697 _aBIOGRAFIA
942 _cBK
999 _c158235
_d158235